The central problems of Bhartrhari's philosophy / (Record no. 19695)
[ view plain ]
| 000 -LEADER | |
|---|---|
| fixed length control field | 01051nam a22002777a 4500 |
| 008 - FIXED-LENGTH DATA ELEMENTS--GENERAL INFORMATION | |
| fixed length control field | 081211t xxu||||| |||| 00| 0 eng d |
| 010 ## - LCCN (DPL NO) | |
| LC control number | ENG-92137 |
| 020 ## - INTERNATIONAL STANDARD BOOK NUMBER | |
| Terms of availability | 530.00 |
| International Standard Book Number | 9788189963026 |
| 020 ## - INTERNATIONAL STANDARD BOOK NUMBER | |
| Terms of availability | 530.00 |
| International Standard Book Number | 8189963023 |
| 035 ## - SYSTEM CONTROL NUMBER | |
| System control number | EN-75670 |
| 037 ## - SOURCE OF ACQUISITION | |
| Source of stock number/acquisition | DBAD / PUB |
| 040 ## - CATALOGING SOURCE | |
| Original cataloging agency | dpl |
| Language of cataloging | English |
| 082 ## - DEWEY DECIMAL CLASSIFICATION NUMBER | |
| Classification number | 415 |
| 100 ## - MAIN ENTRY--PERSONAL NAME | |
| Personal name | Tiwari, Devendra Nath |
| 245 ## - TITLE STATEMENT | |
| Title | The central problems of Bhartrhari's philosophy / |
| Statement of responsibility, etc | by Devendra Nath Tiwari |
| 260 ## - PUBLICATION, DISTRIBUTION, ETC. (IMPRINT) | |
| Place of publication, distribution, etc | New Delhi |
| Name of publisher, distributor, etc | Indian Council of Philosophical Research |
| Date of publication, distribution, etc | 2008 |
| 270 ## - ADDRESS | |
| Address | 36, Tughlakabad Institutional Area, Mehrauli, Badarpur Road, |
| City | New Delhi |
| Postal code | 110062 |
| 300 ## - PHYSICAL DESCRIPTION | |
| Extent | xix, 434p. |
| Dimensions | 22cm (Hb) |
| 500 ## - GENERAL NOTE | |
| General note | Includes index |
| 505 ## - FORMATTED CONTENTS NOTE | |
| Formatted contents note | v.2-The perfect master |
| 600 ## - SUBJECT ADDED ENTRY--PERSONAL NAME | |
| Personal name | Bhartr̥hari.Vākyapadīya. |
| 650 ## - SUBJECT ADDED ENTRY--TOPICAL TERM | |
| Topical term or geographic name as entry element | Sanskrit language |
| General subdivision | Grammar. |
| 650 ## - SUBJECT ADDED ENTRY--TOPICAL TERM | |
| Topical term or geographic name as entry element | Sanskrit language |
| General subdivision | Semantics. |
| 942 ## - ADDED ENTRY ELEMENTS (KOHA) | |
| Source of classification or shelving scheme | Dewey Decimal Classification |
| Item type | English Books |
| Call number suffix | TIW |
| Classification part | 415 |
| Withdrawn status | Lost status | Source of classification or shelving scheme | Damaged status | Not for loan | Collection code | Home library | Current library | Date acquired | Source of acquisition | Cost, normal purchase price | Total Checkouts | Full call number | Barcode | Date last seen | Copy number | Cost, replacement price | Koha item type |
|---|---|---|---|---|---|---|---|---|---|---|---|---|---|---|---|---|---|
| Dewey Decimal Classification | Not For Loan | Non-fiction | D.B.Act.Division | D.B.Act.Division | 11/12/2008 | DBAD / PUB | 530.00 | 415 TIW | EN-75670 | 11/12/2008 | 1 | 530.00 | English Books |
